| 000 | 01225nam a2200229Ia 4500 | ||
|---|---|---|---|
| 999 |
_c38029 _d38029 |
||
| 001 | 4015 | ||
| 003 | GE_BSU | ||
| 005 | 20190823172359.0 | ||
| 008 | 181216s1970||||ge |||||||||||||| ||geo|| | ||
| 040 | _cGE_BSU | ||
| 041 | _ageo | ||
| 080 | _a34(479.22)(091) ქ–27 | ||
| 245 |
_aქართული სამართლის ძეგლები : _bტ. 3 : საეკლესიო საკანონმდებლო ძეგლები (XI-XIX სს.) / _cტექსტი გამოსცა, შენიშვნები და საძიებლები დაურთო პროფ. ი. დოლიძემ |
||
| 264 |
_aთბ. : _bმეცნიერება, _c1970. |
||
| 300 |
_a1320 გვ. _b22 სმ. |
||
| 500 | _aშენიშვნები გვ: 1137-1221. | ||
| 501 | _aსაკუთარ სახელთა საძიებელი გვ: 1225-1252. - ტერმინთა საძიებელი გვ: 1253-1296. | ||
| 541 | _h20 ლ. | ||
| 653 | _a ქართული სამართლის ძეგლები | ||
| 653 | _aქართული საეკლესიო სამართალი | ||
| 942 |
_cBK _2udc |
||